| 000 | 00485cam a2200169Ia 4500 | ||
|---|---|---|---|
| 020 | _a9251055122 | ||
| 020 | _a9789251055120 | ||
| 040 | _cGUA | ||
| 082 | _a344 FOO 2006 A016 Or. | ||
| 245 | 0 | 4 |
_aThe right to food guidelines : _binformation papers and case studies |
| 260 |
_aRome : _bFood and Agriculture Organization of the United Nations, _c2006 |
||
| 300 |
_avii, 219 p. : _bill. ; _c25 cm |
||
| 650 | 0 | _aFood supply | |
| 650 | 0 | _aHunger | |
| 650 | 0 | _aHuman rights | |
| 942 | _cEK | ||
| 999 |
_c11596 _d11596 |
||